000 00373nam a2200145Ia 4500
008 231129s2014||||xx |||||||||||||| ||spa||
020 _a978-84-675-4364-3
040 _bspa
082 _a813 S855ra
100 _aStiefvater Maggie
245 0 _aRastro
260 _c2014
264 _aMadrid EspaƱa : Ediciones SM
942 _2ddc
_cBKS
999 _c23721
_d23721